| 000 | 01751nam a2200445 a 4500 | ||
|---|---|---|---|
| 001 | fol20539231 | ||
| 003 | ICrlF | ||
| 005 | 20250904223758.0 | ||
| 008 | 220418s2022 ncu d 000 1 eng | ||
| 010 | _a 2022013761 | ||
| 020 | _a9781643750804 | ||
| 035 | _a(ICrlF)1999YZ | ||
| 040 |
_aDLC _beng _cDLC _dICrlF |
||
| 043 | _an-us-ma | ||
| 050 | 0 | 0 |
_aPZ7.F227135 _bDe 2022 |
| 082 | 0 | 0 |
_a[Fic] _223 |
| 100 | 1 |
_aFarizan, Sara, _d1984- _940936 |
|
| 245 | 1 | 0 |
_aDead flip / _cSara Farizan. |
| 250 | _a1st ed. | ||
| 260 |
_aChapel Hill, N.C. : _bAlgonquin, _c2022. |
||
| 300 |
_a264 p. ; _c22 cm. |
||
| 510 | 3 | _aBooklist starred, July 2022 | |
| 510 | 3 | _aKirkus Review, July 2022 | |
| 510 | 3 | _aPublishers Weekly Annex, August 2022 | |
| 520 | _a"Eighteen-year-olds Cori and Maz, once inseparable best friends, reunite to solve the mystery of what happened to their other friend Sam--who disappeared six years ago and has now returned, not having aged at all"--Provided by publisher. | ||
| 521 | 2 |
_aYoung Adult _bFollett School Solutions. |
|
| 650 | 0 |
_aMissing children _vJuvenile fiction. _95101 |
|
| 650 | 0 |
_aFriendship _vJuvenile fiction. |
|
| 650 | 0 |
_aIranian Americans _vJuvenile fiction. |
|
| 650 | 0 |
_aLesbians _vJuvenile fiction. _93076 |
|
| 650 | 1 |
_aMissing children _vFiction. |
|
| 650 | 1 |
_aFriendship _vFiction. |
|
| 650 | 1 |
_aIranian Americans _vFiction. |
|
| 650 | 1 |
_aLesbians _vFiction. |
|
| 651 | 0 |
_aMassachusetts _xHistory _y20th century _vJuvenile fiction. _940206 |
|
| 651 | 1 |
_aMassachusetts _xHistory _y20th century _vFiction. _940937 |
|
| 655 | 7 |
_aHorror fiction. _2lcgft |
|
| 940 |
_bYoung Adult _d02/13/23 _sBooklist starred, July 2022 _sKirkus Review, July 2022 _sPublishers Weekly Annex, August 2022 _vFSS |
||
| 942 | _cBK | ||
| 999 |
_c128137 _d128137 |
||